000 00510nam a22001577a 4500
082 _aS 294.592 15
_bBAL./A.2
100 _aBalakrishna Reddy M
245 _aThe Aphorisms of Kaushika Sutra-II:
_batharvanic rituals (pertaining to women ,divination and sorcery)text,translation and commentary/
_cby Balakrishna Reddy M
260 _aPuttaparthy:
_bM Sumana Kumari,
_c2016.
300 _a258p.
650 _aAtharvaveda
650 _aVedic Literature
650 _aHinduism
650 _aReligion
942 _cBK
999 _c62442
_d62442